000 01569nam a2200205Ia 4500
003 Ost
005 20260507075435.0
008 260507s9999||||xx |||||||||||||| ||und||
040 _cfsecg
041 _aara
082 _a657.48
100 _aمشكور، سعود جايد العامري
_eمؤلف
245 0 _aمحاسبة التضخم :
_bبين النظرية والتطبيق /
_c سعود جايد العامري مشكور
260 _aعمان:
_bدار زهران,
_c2006
300 _a274 صفحة؛
_bإيضاحات ؛
_c25 سم
504 _aببليوغرافيا: ص.269-274
520 _aأهداف تعديل التضخم الاقتصادي، مدخل تحليلي لأساليب تعديل الكشوفات المحاسبية، تأثير التضخم الاقتصادي على عناصر الميزانية، مشكلات التضخم الاقتصادي وطرائق المعالجة المحاسبية، نماذج احتساب الربحية المتوقعة ومجرى النقد في ظل التضخم الاقتصادي، تأثير التضخم الاقتصادي على تقييم ربحية الاستثمارات، معايير تحديد قيمة الشركة والتضخم الاقتصادي، امكانية تطبيق محاسبة التضخم الاقتصادي في الشركات الصناعية، السلوكيات الناجمة عن التضخم الاقتصادي، تعديل البيانات المحاسبية (حالة علمية)
653 _aالمحاسبة المالية والمحاسبة
942 _cكتاب
999 _c44534
_d44534